000
00310nam a22001337a 4500
020
_a
9781845692605
082
_a
664 EAR/CA
100
_a
Earle, Mary
100
_a
Earle,Richard
245
_a
Case studies in food product development
260
_a
Boca Raton
_b
CRC Press
_c
2008
300
_a
414
942
_c
BK
999
_c
13879
_d
13879